000
00244 a2200109 4500
001
79030
090
_c
39524
_d
39524
100
_a
PAF
245
_a
Navigation (AD And A&SD Courses)
260
_a
PAF Base Masroor
_b
PAF Press Masroor
_c
2008
300
_a
70p
942
_a
CAENUST
999
_c
314103
_d
314103